000 00333nam a2200145Ia 4500
100 _aJohnson/C.D.
250 _a5
942 _cBK
654 _aProcess control
245 _aProcess Control Instrumentation Technology
260 _bPrentice Hall of India
_aNew Delhi
_c1997
300 _a638
546 _aENGLISH
999 _c20652
_d20652